| 000 | 01097cam a2200301 a 4500 | ||
|---|---|---|---|
| 001 | 500 | ||
| 005 | 20231122152850.0 | ||
| 020 | _a0064408647 | ||
| 020 | _a0060288892 (lib. bdg.) | ||
| 040 |
_aDLC _cDLC _dDLC _dFISKH _beng |
||
| 050 | 0 | 0 |
_aPZ7.S6795 _bEr 2001 |
| 082 | 0 | 0 |
_a813.6 _221 |
| 100 | 1 | _aSnicket, Lemony. | |
| 245 | 1 | 4 |
_aThe ersatz elevator / _cby Lemony Snicket ; illustrations by Brett Helquist. |
| 260 |
_aNew York : _bHarperCollins Publishers, _c2001. |
||
| 300 |
_a259 pages : _billustrations ; _c19 cm |
||
| 490 | 1 |
_aA series of unfortunate events ; _vBook 6 |
|
| 505 | _az | ||
| 520 | _aThe woeful saga of the Baudelaire orphans continues as evil Count Olaf discovers their whereabouts at Esmé Squalor's seventy-one bedroom penthouse and concocts a new plan for stealing their family fortune. | ||
| 521 |
_a1110
_bLexile |
||
| 521 |
_az
_bRaz-Plus |
||
| 650 | 1 |
_aOrphans _vFiction. |
|
| 650 | 1 |
_aSiblings _vFiction. |
|
| 650 | 1 | _aHumorous stories. | |
| 700 | 1 |
_aHelquist, Brett, _eillustrator |
|
| 906 |
_a7 _bcbc _corignew _d1 _eocip _f20 _gy-gencatlg |
||
| 942 |
_2ddc _cBK _n0 |
||
| 999 |
_c500 _d500 |
||